Financie, účtovníctvo, dane 2022 a ich právne aspekty so zameraním na súčasné problémy elektronický recenzovaný zborník vedeckých prác

Guardado en:
Detalles Bibliográficos
Autores Corporativos: Týždeň vedy a techniky na Slovensku 2022. Vedecký seminár, Podnikovohospodárska fakulta EU so sídlom v Košiciach. Katedra finančného riadenia podniku
Otros Autores: Lukáč, Jozef, 1991-, Rudý, Stanislav, 1997-, Gontkovičová, Barbora, 1986-, Megyesiová, Silvia, 1969-
Formato: Libro
Lenguaje:eslovaco
inglés
Publicado: Košice Ekonomická univerzita v Bratislave 2022
Edición:1. vydanie
Materias:
Etiquetas: Agregar Etiqueta
Sin Etiquetas, Sea el primero en etiquetar este registro!

MARC

LEADER 00000nlm a2200000 4500
001 0289382
005 20240502074432.3
020 |a 978-80-225-4995-0 
041 0 |a slo 
041 0 |a eng 
044 |a SK 
245 1 0 |a Financie, účtovníctvo, dane 2022 a ich právne aspekty so zameraním na súčasné problémy  |b elektronický recenzovaný zborník vedeckých prác  |c redakčné a zostavovateľské práce: Jozef Lukáč, Stanislav Rudý ; recenzenti: Barbora Gontkovičová, Silvia Megyesiová 
250 |a 1. vydanie 
264 1 |a Košice  |b Ekonomická univerzita v Bratislave  |c 2022 
300 |a 71 s. [3,50 AH] 
610 2 0 |a financie 
610 2 0 |a účtovníctvo 
610 2 0 |a dane 
610 2 0 |a právo 
610 2 0 |a environmentalistika 
610 2 0 |a správa verejná 
610 2 0 |a manažment krízový 
700 1 |a Lukáč, Jozef, 1991- 
700 1 |a Rudý, Stanislav, 1997- 
700 1 |a Gontkovičová, Barbora, 1986- 
700 1 |a Megyesiová, Silvia, 1969- 
110 2 |a Týždeň vedy a techniky na Slovensku 2022. Vedecký seminár 
710 2 |a Podnikovohospodárska fakulta EU so sídlom v Košiciach. Katedra finančného riadenia podniku